Complete Video game name - Statistics

General Stats
  • This quiz has been taken 5,695 times
  • The average score is 25 of 36
Answer Stats
Hint Answer % Correct
Call of Duty
97%
Grand Theft Auto
96%
Tomb Raider
96%
Gears of War
96%
Assassin's Creed
95%
Left 4 Dead
94%
The Elder Scrolls
94%
Donkey Kong
93%
Half- Life
92%
The Legend of Zelda
92%
Mortal Kombat
91%
Red Dead Redemption
90%
Sonic the Hedgehog
89%
Devil May Cry
88%
League of Legends
88%
Counter- Strike
87%
World of Warcraft
85%
Super Mario Bros.
84%
Saints Row
84%
Tony Hawk's Pro Skater
80%
Star Wars: Knights of the Old Republic
75%
Deus Ex
74%
Duke Nukem
73%
Remember Me
71%
Super Smash Bros. Brawl
57%
Hitman: Blood Money
52%
Unreal Tournament
49%
Amnesia: The Dark Descent
46%
Spec Ops The Line
46%
Call of Juarez: Bound in Blood
45%
Company of Heroes
42%
Starcraft II: Wings of Liberty
24%
Defense of the Ancients
20%
Warcraft III: Reign of Chaos
18%
Kingdoms of Amalur
17%
Race Driver: Grid
8%
No matching quizzes found
Score Distribution
Percent of People with Each Score
Percentile by Number Answered
Your Score History
You have not taken this quiz